[Event "Windsor NAYCC U14 Girls"]
[Site "Windsor"]
[Date "2016.08.11"]
[Round "9.52"]
[White "Ge, Jade"]
[Black "Morris Suzuki, Sophie"]
[Result "0-1"]
[WhiteElo "1520"]
[BlackElo "1787"]
[PlyCount "70"]
[EventDate "2016.08.07"]
[EventType "swiss"]
[EventRounds "9"]
[EventCountry "CAN"]
[SourceTitle "EXT 2022"]
[Source "ChessBase"]
[SourceDate "2021.10.06"]
[SourceVersion "1"]
[SourceVersionDate "2021.10.06"]
[SourceQuality "1"]

1. e4 c5 2. Nf3 e6 3. d4 cxd4 4. Nxd4 a6 5. h3 Qc7 6. Nc3 Nf6 7. Bd3 Nc6 8. Nf3 Be7 9. Be3 b5 10. a3 Bb7 11. 0-0 0-0 12. Qd2 d6 13. Bf4 Rfd8 14. Rfe1 Ne5 15. Bxe5 dxe5 16. Qc1 Nh5 17. Ne2 Rac8 18. b3 Qb6 19. g4 Rxd3 20. Nxe5 Rxh3 21. gxh5 Bxe4 22. Ng3 Rxg3+ 23. Kf1 Bg2+ 24. Ke2 Rgc3 25. Ra2 Qd4 26. f4 Bc5 27. Nd3 Rxd3 28. cxd3 Qf2+ 29. Kd1 Qxa2 30. Qd2 Bf3+ 31. Re2 Qb1+ 32. Qc1 Qxd3+ 33. Qd2 Qb1+ 34. Qc1 Rd8+ 35. Ke1 Qxc1# 0-1

[Event "Windsor NAYCC U14 Girls"]
[Site "Windsor"]
[Date "2016.08.09"]
[Round "5.56"]
[White "Ge, Jade"]
[Black "Li, Jewel"]
[Result "1-0"]
[WhiteElo "1520"]
[BlackElo "980"]
[PlyCount "47"]
[EventDate "2016.08.07"]
[EventType "swiss"]
[EventRounds "9"]
[EventCountry "CAN"]
[SourceTitle "EXT 2022"]
[Source "ChessBase"]
[SourceDate "2021.10.06"]
[SourceVersion "1"]
[SourceVersionDate "2021.10.06"]
[SourceQuality "1"]

1. e4 e5 2. Nf3 Nc6 3. Bc4 Bc5 4. c3 Nf6 5. d4 exd4 6. cxd4 Bb4+ 7. Bd2 d5 8. exd5 Nxd5 9. 0-0 0-0 10. Bxb4 Ndxb4 11. a3 Bf5 12. Nc3 Nc2 13. Rc1 N2xd4 14. Nxd4 Nxd4 15. Bd5 Qf6 16. Bxb7 Rab8 17. Nd5 Qe5 18. Rxc7 Ne2+ 19. Kh1 Bc8 20. Bxc8 Rfxc8 21. Ne7+ Kf8 22. Rxc8+ Rxc8 23. Nxc8 Qxb2 24. Qd8# 1-0